Easy True or False - Sudden Death - Statistics

General Stats
  • This quiz has been taken 324 times
  • The average score is 12 of 30
Answers on the Grid
Answers color-coded by a green-red scale on the quiz's grid according to % correct below.
Adding “Y” to “cheek” makes a word.
Penguins are birds.
Chimps are smarter than koalas.
Russia has territory in the arctic circle.
Charles de Gaulle was the leader of France.
Jack Nicholson has won an Oscar.
Eric Clapton played the guitar.
Early full audio films were called “talkies”.
Sound is the vibration of air molecules.
Antelope have hooves.
The Japanese flag is more than half white.
Vietnam is communist.
There are 1,000 joules in a kilojoule.
Omega is a Greek letter.
Five is a prime number.
Wales is on the island of Great Britain.
Gold’s elemental symbol is Au.
London, UK, is further north than New York City.
The Gulf of Mexico borders Mexico and the USA.
Tasmania is an Australian island.
Bavaria is a state within Germany.
Michael Faraday was a scientist.
The common cold is a viral infection.
Chengdu is a Chinese city.
There are bridges on the Thames River.
Champagne, the drink, is named for a French region.
Cricket is played with a bat.
The number 711 is divisible by 9.
Australia’s leader is a prime minister.
The Spanish word “hermano” means heart.
Dingoes sleep with their eyes open.
Islands float on very dense ocean water.
Buenos Aires is in Brazil.
Spider-Man traditionally wears a cape.
Annie is a musical about an orphaned bear.
President Benjamin Harrison spontaneously combusted.
Magnets work because they are radioactive.
The Niger is the longest river in Africa.
Elton John did the song “Rocket Man”.
Pingu Pingu is the capital of American Samoa.
A Chinese astronaut has walked on the moon.
Kathmandu is in Africa.
Christopher Columbus founded the USA in 1776.
Binary uses digits 0-9 and also the letters a-g.
The naked eye can see billions of stars in the night sky.
There has been a successful brain transplant.
Alaska and Michigan are about equally populous.
Japan only has 3 populated islands.
 
Answer Stats
Answer % Correct
Omega is a Greek letter.
57%
Five is a prime number.
55%
Gold’s elemental symbol is Au.
55%
Penguins are birds.
52%
The Japanese flag is more than half white.
52%
Cricket is played with a bat.
46%
Adding “Y” to “cheek” makes a word.
45%
Wales is on the island of Great Britain.
45%
Elton John did the song “Rocket Man”.
44%
Champagne, the drink, is named for a French region.
43%
There are bridges on the Thames River.
42%
Russia has territory in the arctic circle.
41%
Tasmania is an Australian island.
41%
The Gulf of Mexico borders Mexico and the USA.
41%
Bavaria is a state within Germany.
40%
Australia’s leader is a prime minister.
39%
Charles de Gaulle was the leader of France.
39%
Sound is the vibration of air molecules.
38%
There are 1,000 joules in a kilojoule.
38%
Chimps are smarter than koalas.
37%
London, UK, is further north than New York City.
37%
The common cold is a viral infection.
37%
Vietnam is communist.
36%
Antelope have hooves.
34%
Michael Faraday was a scientist.
34%
Eric Clapton played the guitar.
33%
Jack Nicholson has won an Oscar.
30%
Chengdu is a Chinese city.
29%
Early full audio films were called “talkies”.
29%
The number 711 is divisible by 9.
29%
No matching quizzes found
Score Distribution
Percent of People with Each Score
Percentile by Number Answered
Your Score History
You have not taken this quiz